[Event "Washington op"]
[Site "Lynnwood"]
[Date "2015.05.25"]
[Round "5"]
[White "Saputra, Yogi"]
[Black "Hosford, Michael J"]
[Result "1-0"]
[WhiteElo "1963"]
[BlackElo "1909"]
[PlyCount "37"]
[EventDate "2015.05.23"]
[EventType "swiss"]
[EventRounds "6"]
[EventCountry "USA"]
[SourceTitle "EXT 2017"]
[Source "ChessBase"]
[SourceDate "2016.10.25"]
[SourceVersion "1"]
[SourceVersionDate "2016.10.25"]
[SourceQuality "1"]

1. d4 Nf6 2. c4 Nc6 3. Nf3 e6 4. e3 Bb4+ 5. Bd2 Bxd2+ 6. Nbxd2 d6 7. g3 0-0 8. Bg2 Qe7 9. 0-0 e5 10. d5 Nb8 11. Qc2 a5 12. Nh4 g6 13. f4 exf4 14. exf4 Qe3+ 15. Kh1 Ng4 16. Ne4 f5 17. Ng5 Qc5 18. Rae1 Ne3 19. Qc3 1-0

[Event "Washington op"]
[Site "Lynnwood"]
[Date "2015.05.24"]
[Round "3"]
[White "Hosford, Michael J"]
[Black "Leslie, Cameron D"]
[Result "1-0"]
[WhiteElo "1909"]
[BlackElo "1874"]
[PlyCount "39"]
[EventDate "2015.05.23"]
[EventType "swiss"]
[EventRounds "6"]
[EventCountry "USA"]
[SourceTitle "EXT 2017"]
[Source "ChessBase"]
[SourceDate "2016.10.25"]
[SourceVersion "1"]
[SourceVersionDate "2016.10.25"]
[SourceQuality "1"]

1. e4 c6 2. d4 d5 3. f3 Qb6 4. Nc3 dxe4 5. fxe4 e5 6. Nf3 Bg4 7. Bc4 exd4 8. Bxf7+ Kxf7 9. Ne5+ Ke7 10. Qxg4 Nf6 11. Bg5 dxc3 12. Rd1 Qc7 13. Qf4 Qc8 14. 0-0 Qe6 15. Ng4 Ke8 16. Nxf6+ gxf6 17. Bxf6 Bc5+ 18. Kh1 Rf8 19. Rd8+ Kf7 20. Be7+ 1-0

[Event "Washington State Invitational"]
[Site "Seattle"]
[Date "2011.02.19"]
[Round "5"]
[White "He, Samuel Fei"]
[Black "Hosford, Michael J"]
[Result "1-0"]
[WhiteElo "1802"]
[BlackElo "1859"]
[PlyCount "61"]
[EventDate "2011.02.12"]
[EventType "tourn"]
[EventRounds "9"]
[EventCountry "USA"]
[SourceTitle "EXT 2017"]
[Source "ChessBase"]
[SourceDate "2016.10.25"]
[SourceVersion "1"]
[SourceVersionDate "2016.10.25"]
[SourceQuality "1"]

1. d4 Nf6 2. c4 Nc6 3. Nf3 e6 4. a3 d6 5. Nc3 g6 6. e4 Bg7 7. Be2 0-0 8. 0-0 Re8 9. h3 e5 10. d5 Nd4 11. Be3 Nxe2+ 12. Qxe2 Nh5 13. Qd2 f5 14. Bg5 Qd7 15. Bh6 f4 16. Bxg7 Qxg7 17. Ng5 Qf6 18. Nf3 g5 19. Nh2 Qg6 20. f3 Nf6 21. Ng4 Nd7 22. Nb5 Re7 23. Nxc7 Rb8 24. Nb5 Nc5 25. Qc2 h5 26. Nf2 a6 27. b4 Na4 28. Nxd6 Qxd6 29. Qxa4 b5 30. cxb5 axb5 31. Qb3 1-0

[Event "Washington State Invitational"]
[Site "Seattle"]
[Date "2011.02.13"]
[Round "3"]
[White "Buck, Stephen"]
[Black "Hosford, Michael J"]
[Result "0-1"]
[WhiteElo "1762"]
[BlackElo "1859"]
[PlyCount "78"]
[EventDate "2011.02.12"]
[EventType "tourn"]
[EventRounds "9"]
[EventCountry "USA"]
[SourceTitle "EXT 2017"]
[Source "ChessBase"]
[SourceDate "2016.10.25"]
[SourceVersion "1"]
[SourceVersionDate "2016.10.25"]
[SourceQuality "1"]

1. c4 e5 2. Nc3 Nf6 3. g3 Bb4 4. Bg2 0-0 5. Nf3 d6 6. 0-0 Nc6 7. d3 Bxc3 8. bxc3 h6 9. Rb1 Rb8 10. h3 Be6 11. Kh2 Qd7 12. e4 Nh7 13. Qe2 f5 14. exf5 Bxf5 15. Nd2 Ng5 16. g4 Bh7 17. Ne4 Ne6 18. Be3 b6 19. Rbd1 Nf4 20. Bxf4 Rxf4 21. f3 Rbf8 22. d4 Qe7 23. d5 Bxe4 24. fxe4 Na5 25. Kg3 Nb7 26. Bf3 g5 27. Kg2 Nc5 28. Rde1 R8f7 29. Kg1 Qf8 30. Bg2 Rxf1+ 31. Bxf1 Rf3 32. Bg2 Rf4 33. Qc2 Kg7 34. Re2 Qf7 35. Kh2 h5 36. Kg3 hxg4 37. hxg4 Rxg4+ 38. Kxg4 Qf4+ 39. Kh3 Qh4# 0-1

[Event "Washington State Invitational"]
[Site "Seattle"]
[Date "2010.02.15"]
[Round "9"]
[White "Hosford, Michael J"]
[Black "Goodfellow, Russell Robert"]
[Result "1-0"]
[WhiteElo "1860"]
[BlackElo "1744"]
[PlyCount "43"]
[EventDate "2010.02.06"]
[EventType "tourn"]
[EventRounds "9"]
[EventCountry "USA"]
[SourceTitle "EXT 2017"]
[Source "ChessBase"]
[SourceDate "2016.10.25"]
[SourceVersion "1"]
[SourceVersionDate "2016.10.25"]
[SourceQuality "1"]

1. e4 c5 2. Nf3 d6 3. Bb5+ Bd7 4. Bxd7+ Qxd7 5. 0-0 e6 6. c4 Ne7 7. Nc3 a6 8. d4 cxd4 9. Nxd4 Nbc6 10. Be3 Nxd4 11. Qxd4 Nc6 12. Qd2 Be7 13. Rfd1 0-0 14. Na4 Rab8 15. Nb6 Qc7 16. Rac1 Rfd8 17. f4 f5 18. exf5 exf5 19. Qd5+ Kh8 20. Qxf5 Bf6 21. Nd5 Ne7 22. Qxf6 1-0

[Event "Washington State Invitational"]
[Site "Seattle"]
[Date "2010.02.07"]
[Round "4"]
[White "Hosford, Michael J"]
[Black "Feng, Roland"]
[Result "0-1"]
[WhiteElo "1860"]
[BlackElo "1882"]
[PlyCount "108"]
[EventDate "2010.02.06"]
[EventType "tourn"]
[EventRounds "9"]
[EventCountry "USA"]
[SourceTitle "EXT 2017"]
[Source "ChessBase"]
[SourceDate "2016.10.25"]
[SourceVersion "1"]
[SourceVersionDate "2016.10.25"]
[SourceQuality "1"]

1. e4 c5 2. Nf3 e6 3. d3 d5 4. Qe2 d4 5. g3 Nc6 6. Bg2 Bd6 7. 0-0 Nge7 8. Nbd2 0-0 9. Nc4 f6 10. Ne1 e5 11. a4 Be6 12. b3 Bc7 13. f4 a6 14. f5 Bf7 15. Bf3 Kh8 16. g4 b5 17. Nb2 Bb6 18. Kh1 Rc8 19. axb5 axb5 20. h4 Na5 21. g5 c4 22. bxc4 bxc4 23. gxf6 gxf6 24. Bh6 Ng8 25. Bxf8 Qxf8 26. Ng2 Qh6 27. Rfb1 Bd8 28. Nd1 Qg7 29. Kh2 Nh6 30. Nf2 Bc7 31. Kh3 Rg8 32. Nh1 Be8 33. Rg1 Qf8 34. Nf2 Qd6 35. Bh5 Bd7 36. Kh2 Nxf5 37. Bf7 Rg7 38. Bxc4 Ng3 39. Qf3 f5 40. Rge1 f4 41. Bd5 Be8 42. Nxf4 exf4 43. e5 Qd8 44. Nh3 Bh5 45. Qxf4 Qxd5 46. Qf8+ Qg8 47. Qf6 Bd8 48. Qf2 Nc6 49. Ra8 Be8 50. Ng5 h6 51. Qxg3 hxg5 52. Qf3 gxh4 53. e6 Rg3 54. Qe4 Rh3+ 0-1

[Event "Washington State Invitational"]
[Site "Seattle"]
[Date "2010.02.06"]
[Round "2"]
[White "Hosford, Michael J"]
[Black "Vanmane, Amith"]
[Result "1-0"]
[WhiteElo "1860"]
[BlackElo "1643"]
[PlyCount "127"]
[EventDate "2010.02.06"]
[EventType "tourn"]
[EventRounds "9"]
[EventCountry "USA"]
[SourceTitle "EXT 2017"]
[Source "ChessBase"]
[SourceDate "2016.10.25"]
[SourceVersion "1"]
[SourceVersionDate "2016.10.25"]
[SourceQuality "1"]

1. e4 c5 2. Nf3 d6 3. Bb5+ Nd7 4. d4 cxd4 5. Qxd4 a6 6. Bxd7+ Bxd7 7. Nc3 Nf6 8. Bg5 e5 9. Qd3 Be7 10. 0-0 Bc6 11. Rad1 Qc7 12. Rfe1 h6 13. Bxf6 gxf6 14. Nh4 Rg8 15. Nf5 Rg6 16. Nxd6+ Bxd6 17. Qxd6 Qxd6 18. Rxd6 Ke7 19. Rd3 Rag8 20. g3 h5 21. f3 Rg5 22. Red1 f5 23. Nd5+ Bxd5 24. Rxd5 fxe4 25. fxe4 h4 26. Rd7+ Kf8 27. Rxb7 hxg3 28. h3 Kg7 29. Kg2 Rh8 30. Rf1 Rd8 31. Rfxf7+ Kg8 32. Rbd7 Rc8 33. c3 Rb8 34. b3 Rc8 35. c4 Rg6 36. Rf3 Rcc6 37. Rxg3 Rxg3+ 38. Kxg3 Rg6+ 39. Kh2 Rf6 40. Re7 Rf2+ 41. Kg3 Rxa2 42. Rxe5 Rb2 43. Re8+ Kf7 44. Rb8 a5 45. Rb5 a4 46. bxa4 Re2 47. Kf4 Rh2 48. Ke5 Rxh3 49. Rb7+ Ke8 50. c5 Rh5+ 51. Ke6 Rh6+ 52. Kd5 Ra6 53. Rb4 Kd7 54. e5 Rh6 55. c6+ Kd8 56. Rb8+ Kc7 57. Rb7+ Kc8 58. Rd7 Rh1 59. e6 Rd1+ 60. Kc5 Rc1+ 61. Kb5 Rb1+ 62. Ka5 Rc1 63. e7 Rc5+ 64. Kb6 1-0

[Event "Washington State Invitational"]
[Site "Seattle"]
[Date "2010.02.06"]
[Round "1"]
[White "Tang, Richard OH"]
[Black "Hosford, Michael J"]
[Result "0-1"]
[WhiteElo "1114"]
[BlackElo "1860"]
[PlyCount "112"]
[EventDate "2010.02.06"]
[EventType "tourn"]
[EventRounds "9"]
[EventCountry "USA"]
[SourceTitle "EXT 2017"]
[Source "ChessBase"]
[SourceDate "2016.10.25"]
[SourceVersion "1"]
[SourceVersionDate "2016.10.25"]
[SourceQuality "1"]

1. e4 c6 2. d4 d5 3. Nd2 dxe4 4. Nxe4 Bf5 5. Ng3 Bg6 6. Nf3 Nd7 7. Bf4 Ngf6 8. c4 e6 9. a3 Be7 10. Be2 0-0 11. 0-0 b5 12. Ne5 Qb6 13. c5 Qb7 14. Nxg6 hxg6 15. Bf3 Nd5 16. Bxd5 exd5 17. Be3 Rfe8 18. Qd2 a5 19. b4 Ra7 20. h3 Rea8 21. Rab1 axb4 22. axb4 Ra2 23. Rb2 Rxb2 24. Qxb2 Qa7 25. Rb1 Nf8 26. Ne2 Ne6 27. Nf4 Nxf4 28. Bxf4 Bf6 29. Be3 Qa4 30. Kh2 Ra7 31. g3 Ra8 32. Kg2 Ra7 33. Qb3 Kf8 34. Qxa4 Rxa4 35. Rb2 Ra3 36. f4 Rxe3 37. Ra2 Bxd4 38. Ra8+ Ke7 39. Ra7+ Kf6 40. Rc7 Re6 41. g4 Re2+ 42. Kf3 Re3+ 43. Kg2 Re6 44. g5+ Kf5 45. Rxf7+ Ke4 46. Kg3 Bc3 47. Kg4 Ke3 48. h4 Re4 49. Kg3 Rxf4 50. Rxf4 Be5 51. Kg4 Bxf4 52. h5 gxh5+ 53. Kxh5 d4 54. Kg4 d3 55. g6 d2 56. Kf5 d1Q 0-1

[Event "Washington op Premier"]
[Site "Redmond"]
[Date "2008.05.24"]
[Round "1"]
[White "Hosford, Michael J"]
[Black "Douglas, Kurt"]
[Result "1/2-1/2"]
[WhiteElo "1825"]
[BlackElo "1716"]
[PlyCount "78"]
[EventDate "2008.05.24"]
[EventType "swiss"]
[EventRounds "6"]
[EventCountry "USA"]
[SourceTitle "EXT 2017"]
[Source "ChessBase"]
[SourceDate "2016.10.25"]
[SourceVersion "1"]
[SourceVersionDate "2016.10.25"]
[SourceQuality "1"]

1. e4 c5 2. Nf3 d6 3. Bb5+ Bd7 4. Bxd7+ Nxd7 5. c4 Ngf6 6. Nc3 e6 7. 0-0 Be7 8. d4 cxd4 9. Nxd4 a6 10. b3 0-0 11. Bb2 Rc8 12. Qe2 Qc7 13. Rad1 Rfe8 14. f4 h6 15. Kh1 Nf8 16. e5 dxe5 17. fxe5 N6d7 18. Nf3 Ng6 19. Rde1 Rcd8 20. Qf2 Rf8 21. Qg3 Nc5 22. Ba3 Rd3 23. Bxc5 Bxc5 24. Ne4 Bb4 25. Rd1 Rfd8 26. Nd6 Rxd1 27. Rxd1 Nxe5 28. Qxe5 Bxd6 29. Qd4 Be7 30. Qg1 Rxd1 31. Qxd1 Qd6 32. Qe2 Bf6 33. g3 Bd4 34. Qe4 Bc3 35. Qxb7 Qd1+ 36. Kg2 Qc2+ 37. Kh3 Qxa2 38. Qa8+ Kh7 39. Qb7 Qa5 1/2-1/2

[Event "Washington State Invitational"]
[Site "Seattle"]
[Date "2008.02.10"]
[Round "4"]
[White "Gale, Geoffrey W"]
[Black "Hosford, Michael J"]
[Result "1-0"]
[WhiteElo "2042"]
[BlackElo "1878"]
[PlyCount "168"]
[EventDate "2008.02.09"]
[EventType "tourn"]
[EventRounds "9"]
[EventCountry "USA"]
[SourceTitle "EXT 2017"]
[Source "ChessBase"]
[SourceDate "2016.10.25"]
[SourceVersion "1"]
[SourceVersionDate "2016.10.25"]
[SourceQuality "1"]

1. e4 Nc6 2. Nf3 d6 3. d4 Nf6 4. Nc3 Bg4 5. Be3 e5 6. d5 Ne7 7. h3 Bxf3 8. Qxf3 Ng6 9. g4 Be7 10. 0-0-0 Nd7 11. Bb5 a6 12. Bxd7+ Qxd7 13. g5 f5 14. exf5 Rf8 15. h4 Qxf5 16. Qxf5 Rxf5 17. h5 Nf4 18. Bxf4 Rxf4 19. g6 h6 20. Rh2 0-0-0 21. Kd2 Rdf8 22. Ke2 R8f5 23. Rg1 Bf6 24. Nd1 Bg5 25. c3 c6 26. Ne3 Rf8 27. dxc6 bxc6 28. Rg4 Bd8 29. Rxf4 Rxf4 30. f3 Kd7 31. Rg2 Ke6 32. Rg4 Rxg4 33. Nxg4 Bg5 34. b4 d5 35. Nf2 Bd8 36. Ng4 Bg5 37. a4 Kf5 38. Nf2 Be7 39. Ng4 Bg5 40. Nf2 Be7 41. Nh3 Bh4 42. Ke3 Be1 43. Kd3 e4+ 44. fxe4+ dxe4+ 45. Ke3 Bxc3 46. Nf2 Bxb4 47. Nxe4 Be7 48. Kf3 c5 49. Nc3 Kg5 50. Ke4 Kxh5 51. Kf5 Bf6 52. Ne4 Bd4 53. Nd6 Kh4 54. Ke6 Kg5 55. Kf7 h5 56. Ne8 h4 57. Nxg7 Kg4 58. Ne8 Bh8 59. Nf6+ Kf3 60. Nh7 h3 61. Kg8 h2 62. Kxh8 h1Q 63. g7 Qa1 64. Ng5+ Kg4 65. Ne6 Qh1+ 66. Kg8 c4 67. Kf7 Qb7+ 68. Kf6 Qc8 69. Nd4 c3 70. Kf7 Qd7+ 71. Kf8 Qc8+ 72. Kf7 Kf4 73. g8Q Qxg8+ 74. Kxg8 Ke3 75. Nb3 c2 76. Kf7 Kd3 77. Ke6 Kc4 78. Nc1 a5 79. Ke5 Kb4 80. Kd4 Kxa4 81. Kc4 Ka3 82. Kc3 a4 83. Nd3 Ka2 84. Kxc2 a3 1-0

[Event "Washington State Invitational"]
[Site "Seattle"]
[Date "2008.02.10"]
[Round "3"]
[White "Hosford, Michael J"]
[Black "Smith, Allen S"]
[Result "1-0"]
[WhiteElo "1878"]
[BlackElo "1998"]
[PlyCount "61"]
[EventDate "2008.02.09"]
[EventType "tourn"]
[EventRounds "9"]
[EventCountry "USA"]
[SourceTitle "EXT 2017"]
[Source "ChessBase"]
[SourceDate "2016.10.25"]
[SourceVersion "1"]
[SourceVersionDate "2016.10.25"]
[SourceQuality "1"]

1. e4 c5 2. Nf3 e6 3. Qe2 Nc6 4. g3 Be7 5. Bg2 Nf6 6. 0-0 d5 7. d3 0-0 8. e5 Nd7 9. c4 Nb6 10. Nc3 f6 11. b3 fxe5 12. Nxe5 Nd4 13. Qd1 Bf6 14. f4 Bd7 15. Bb2 Bc6 16. Nxc6 bxc6 17. Re1 Qd6 18. Rb1 e5 19. fxe5 Bxe5 20. Qg4 Rae8 21. Rf1 Rxf1+ 22. Rxf1 Nc2 23. Qf3 Kh8 24. Nb5 Bd4+ 25. Bxd4 cxb5 26. Bxg7+ Kxg7 27. Qf7+ Kh8 28. Qxe8+ Kg7 29. Rf7+ Kh6 30. Re7 Nd4 31. Qf8+ 1-0

[Event "Washington Class-ch A"]
[Site "Seattle"]
[Date "2007.11.25"]
[Round "6"]
[White "Hosford, Michael J"]
[Black "Lee, Nathan"]
[Result "1/2-1/2"]
[WhiteElo "1892"]
[BlackElo "1757"]
[PlyCount "120"]
[EventDate "2007.11.23"]
[EventType "swiss"]
[EventRounds "6"]
[EventCountry "USA"]
[SourceTitle "EXT 2017"]
[Source "ChessBase"]
[SourceDate "2016.10.25"]
[SourceVersion "1"]
[SourceVersionDate "2016.10.25"]
[SourceQuality "1"]

1. e4 c5 2. Nf3 Nc6 3. Bb5 d6 4. d4 cxd4 5. Qxd4 Bd7 6. Bxc6 bxc6 7. 0-0 e5 8. Qd3 Qc7 9. c4 Be7 10. Nc3 Nf6 11. b3 0-0 12. Bg5 Rfd8 13. Rad1 Be6 14. Qe2 h6 15. Bc1 Nd7 16. Ne1 f5 17. f4 Rf8 18. exf5 Bxf5 19. Bb2 Rae8 20. fxe5 Nxe5 21. Qd2 Qb6+ 22. Qd4 Bg4 23. Rxf8+ Rxf8 24. Qxb6 axb6 25. Ra1 Bg5 26. Bc1 Bh4 27. Be3 Bd8 28. h3 Bf5 29. Rd1 Bc7 30. Ne2 Re8 31. Nd4 Bd7 32. Bf4 Kf7 33. Nd3 Nxd3 34. Rxd3 c5 35. Nb5 Bxb5 36. cxb5 Rd8 37. Kf2 Rd7 38. Ke3 Ke6 39. g4 g5 40. Bg3 Bd8 41. Ke2 Bf6 42. a4 Bd4 43. Rf3 Bf6 44. Kd3 d5 45. Re3+ Kf7 46. Re2 Rb7 47. Be5 Bxe5 48. Rxe5 Rd7 49. Rf5+ Ke7 50. Re5+ Kf7 51. Rf5+ Ke7 52. h4 gxh4 53. Rh5 Rd6 54. Rxh4 Re6 55. Rh5 Kd6 56. g5 hxg5 57. Rxg5 Re8 58. Rg6+ Re6 59. Rg8 Kd7 60. Rg7+ Re7 1/2-1/2